|
|
|
|
| LEADER |
00636 a2200181 4500 |
| 008 |
161129b xxu||||| |||| 00| 0 mal d |
| 999 |
|
|
|c 112415
|d 112415
|
| 020 |
|
|
|a 9788182661622
|
| 082 |
|
|
|a 808.068
|
| 100 |
|
|
|a Shelly,Mary
|
| 245 |
|
|
|a Frankenstein /
|c Mary Shelly
|
| 260 |
|
|
|b Mathrubhumi books,
|c 2014.
|a Kozhikode:
|
| 300 |
|
|
|a 102p.
|c 21cm.
|
| 546 |
|
|
|a In malayalam
|
| 650 |
|
|
|a Children's literature
|v Fiction
|
| 700 |
|
|
|a Ambikadevi, S
|e Translator
|
| 942 |
|
|
|2 ddc
|c BK
|
| 952 |
|
|
|0 0
|1 0
|4 0
|6 808_068000000000000_SHE_F_M
|7 0
|9 118395
|a UL
|b UL
|c ST1
|d 2016-08-05
|e 176
|g 54.40
|l 6
|o 808.068 SHE/F M
|p 94583
|q 2021-12-26
|r 2021-11-26
|s 2021-11-26
|v 80.00
|y BK
|